[Event "Hamburg-ch MB"]
[Site "Hamburg"]
[Date "2019.06.14"]
[Round "7"]
[White "Schulz, Hans Juergen"]
[Black "Bernhard, Ralph"]
[Result "1/2-1/2"]
[WhiteElo "1817"]
[BlackElo "1728"]
[PlyCount "65"]
[EventDate "2019.06.08"]
[EventType "swiss"]
[EventRounds "9"]
[EventCountry "GER"]
[SourceTitle "EXT 2022"]
[Source "ChessBase"]
[SourceDate "2021.10.06"]
[SourceVersion "1"]
[SourceVersionDate "2021.10.06"]
[SourceQuality "1"]

1. e4 c6 2. d4 d5 3. Nc3 dxe4 4. f3 exf3 5. Qxf3 Qxd4 6. Be3 Qe5 7. 0-0-0 Bg4 8. Qxg4 Qxe3+ 9. Kb1 e6 10. Nf3 Nf6 11. Qg3 Nbd7 12. Qc7 Qb6 13. Qf4 Be7 14. g4 Nd5 15. Nxd5 cxd5 16. Bd3 0-0 17. g5 Bd6 18. Qh4 g6 19. Nd4 Nc5 20. Nb3 Rac8 21. Rhf1 Nxb3 22. Rxf7 Nd2+ 23. Rxd2 Kxf7 24. Qxh7+ Ke8 25. Rd1 Be7 26. c4 d4 27. Bxg6+ Kd7 28. Qg7 Rxc4 29. Bd3 Rb4 30. Rd2 Rf3 31. a3 Rb3 32. Bc4 Rf4 33. Qe5 1/2-1/2

[Event "Hamburg-ch MB"]
[Site "Hamburg"]
[Date "2019.06.11"]
[Round "4"]
[White "Lu, Siyuan"]
[Black "Bernhard, Ralph"]
[Result "1-0"]
[WhiteElo "1671"]
[BlackElo "1728"]
[PlyCount "117"]
[EventDate "2019.06.08"]
[EventType "swiss"]
[EventRounds "9"]
[EventCountry "GER"]
[SourceTitle "EXT 2022"]
[Source "ChessBase"]
[SourceDate "2021.10.06"]
[SourceVersion "1"]
[SourceVersionDate "2021.10.06"]
[SourceQuality "1"]

1. d4 d5 2. c4 c6 3. Nc3 dxc4 4. a4 e5 5. dxe5 Qxd1+ 6. Kxd1 Bb4 7. e3 Be6 8. f4 Na6 9. Nge2 0-0-0+ 10. Kc2 Bc5 11. Ng3 Nb4+ 12. Kb1 Ne7 13. Nce4 Na6 14. Ng5 Bd5 15. e4 f6 16. exf6 gxf6 17. exd5 fxg5 18. dxc6 Nxc6 19. Bxc4 gxf4 20. Bxf4 Rhe8 21. Bxa6 bxa6 22. Rc1 Rd5 23. a5 Kb7 24. Ra4 Rd4 25. Rac4 Rxc4 26. Rxc4 Bb4 27. Re4 Rf8 28. Ne2 Bxa5 29. Nd4 Nxd4 30. Rxd4 Rf7 31. g3 Bb6 32. Rd5 Re7 33. h4 Kc6 34. Rf5 Rg7 35. Rg5 Rf7 36. Kc2 Bd8 37. Rh5 Bb6 38. Kd3 Rg7 39. Ke4 Bf2 40. Kf3 Be1 41. Rg5 Rf7 42. Kg4 Ba5 43. Be5 Be1 44. Rg7 Rxg7+ 45. Bxg7 Bd2 46. Kh5 Be3 47. g4 Kd6 48. g5 Bf2 49. Kg4 Ke6 50. h5 Kf7 51. Bf6 h6 52. Be5 hxg5 53. Kxg5 Be3+ 54. Kf5 a5 55. b3 Ke7 56. Kg6 Kd7 57. Bf6 Kc6 58. Bg5 Bd4 59. h6 1-0

[Event "Hamburg-ch MA"]
[Site "Hamburg"]
[Date "2018.05.26"]
[Round "8"]
[White "Bernhard, Ralph"]
[Black "Goepfert, Jakob"]
[Result "0-1"]
[WhiteElo "1728"]
[BlackElo "2117"]
[PlyCount "60"]
[EventDate "2018.05.01"]
[EventType "swiss"]
[EventRounds "9"]
[EventCountry "GER"]
[SourceTitle "EXT 2020"]
[Source "ChessBase"]
[SourceDate "2019.10.17"]
[SourceVersion "1"]
[SourceVersionDate "2019.10.17"]
[SourceQuality "1"]

1. d4 Nf6 2. c4 c5 3. d5 b5 4. Nf3 g6 5. Nbd2 bxc4 6. e4 c3 7. bxc3 d6 8. Bb5+ Bd7 9. Qa4 Bg7 10. 0-0 0-0 11. Re1 Ng4 12. Bb2 Bxb5 13. Qxb5 Nd7 14. Qd3 Qa5 15. Qc2 Rab8 16. Rab1 Rb7 17. c4 Bxb2 18. Rxb2 Rxb2 19. Qxb2 Rb8 20. Qc2 Rb4 21. Rb1 Nb6 22. Rxb4 Qxb4 23. Qb3 Ne5 24. Qxb4 Nxf3+ 25. Nxf3 cxb4 26. Nd2 Na4 27. Nb3 Nc3 28. f3 Nxa2 29. e5 dxe5 30. c5 Nc3 0-1

[Event "Hamburg-ch MA"]
[Site "Hamburg"]
[Date "2018.05.25"]
[Round "7"]
[White "Bernhard, Ralph"]
[Black "Emami, Madjid"]
[Result "0-1"]
[WhiteElo "1728"]
[BlackElo "1986"]
[PlyCount "90"]
[EventDate "2018.05.01"]
[EventType "swiss"]
[EventRounds "9"]
[EventCountry "GER"]
[SourceTitle "EXT 2020"]
[Source "ChessBase"]
[SourceDate "2019.10.17"]
[SourceVersion "1"]
[SourceVersionDate "2019.10.17"]
[SourceQuality "1"]

1. d4 g6 2. c4 Bg7 3. e4 Nc6 4. Nf3 e5 5. Bg5 Nge7 6. d5 Nd4 7. Nxd4 exd4 8. Bd3 d6 9. 0-0 0-0 10. Qd2 c5 11. b4 b6 12. a4 f6 13. Bh6 a5 14. Bxg7 Kxg7 15. b5 Ra7 16. Qf4 g5 17. Qg3 Ng6 18. f4 gxf4 19. Rxf4 Kh8 20. Rf1 Rg7 21. Qe1 Ne5 22. Qd1 Bh3 23. Ra2 Rfg8 24. Rff2 Ng4 25. g3 Nxf2 26. Rxf2 Qe7 27. Qf3 Rf8 28. Nd2 Qe5 29. Qf4 Qxf4 30. Rxf4 Bg4 31. Nf3 Bxf3 32. Rxf3 Re7 33. Rf4 Kg7 34. Kf2 Re5 35. g4 Kg6 36. Kg3 Rh8 37. Bc2 h5 38. Bd1 hxg4 39. Rxg4+ Rg5 40. h3 Rxg4+ 41. Bxg4 Kg5 42. Kf3 Rh4 43. Bf5 Rf4+ 44. Kg3 Rf1 45. h4+ Kh6 0-1

[Event "Hamburg-ch MA"]
[Site "Hamburg"]
[Date "2018.05.23"]
[Round "5"]
[White "Bernhard, Ralph"]
[Black "Schroeder, Christoph"]
[Result "1/2-1/2"]
[WhiteElo "1728"]
[BlackElo "2186"]
[PlyCount "127"]
[EventDate "2018.05.01"]
[EventType "swiss"]
[EventRounds "9"]
[EventCountry "GER"]
[SourceTitle "EXT 2020"]
[Source "ChessBase"]
[SourceDate "2019.10.17"]
[SourceVersion "1"]
[SourceVersionDate "2019.10.17"]
[SourceQuality "1"]

1. d4 Nf6 2. c4 e6 3. g3 d5 4. Nf3 Bb4+ 5. Bd2 Be7 6. Bg2 0-0 7. 0-0 c6 8. b3 b6 9. Nc3 Ba6 10. cxd5 cxd5 11. Re1 Nc6 12. Bg5 Rc8 13. a3 Na5 14. Nb1 h6 15. Bxf6 Bxf6 16. Nbd2 Qd7 17. b4 Nc4 18. Bf1 Nxd2 19. Qxd2 Qa4 20. Qd1 Qxd1 21. Rexd1 Rc2 22. e3 Bxf1 23. Kxf1 Rfc8 24. Rd2 R2c3 25. Ke2 Be7 26. Raa2 a5 27. bxa5 bxa5 28. Rd3 a4 29. Kd2 Rc1 30. Ne1 Rb1 31. Rc2 Rcb8 32. Rdc3 Kh7 33. Rc7 Bxa3 34. Nd3 R8b7 35. Rxb7 Rxb7 36. Ra2 Bb4+ 37. Kc2 Rc7+ 38. Kd1 Bd6 39. Rxa4 Kg6 40. Ra6 Rd7 41. Ke2 Kf5 42. Kf3 h5 43. h3 f6 44. Ra8 e5 45. g4+ hxg4+ 46. hxg4+ Kg5 47. dxe5 fxe5 48. e4 Rf7+ 49. Ke3 d4+ 50. Ke2 Kxg4 51. Ra5 Re7 52. Rd5 Re6 53. Ra5 g5 54. Rd5 Kh3 55. Ra5 g4 56. Rd5 Kg2 57. Ra5 Rf6 58. Rd5 Kg1 59. Rb5 Rf3 60. Rd5 Be7 61. Rxe5 Bh4 62. Rf5 Rxf5 63. exf5 Kg2 64. Nf4+ 1/2-1/2

[Event "Hamburg-ch MB"]
[Site "Hamburg"]
[Date "2017.06.07"]
[Round "5"]
[White "Hourigan, Gerrit"]
[Black "Bernhard, Ralph"]
[Result "1/2-1/2"]
[WhiteElo "1847"]
[BlackElo "1669"]
[PlyCount "41"]
[EventDate "2017.06.03"]
[EventType "swiss"]
[EventRounds "9"]
[EventCountry "GER"]
[SourceTitle "CBM 179 Extra"]
[Source "ChessBase"]
[SourceDate "2017.08.23"]
[SourceVersion "1"]
[SourceVersionDate "2017.08.23"]
[SourceQuality "1"]

1. e4 c5 2. Nf3 d6 3. d4 cxd4 4. Nxd4 a6 5. Nc3 Nf6 6. a4 g6 7. g3 Bg7 8. Bg2 0-0 9. 0-0 Qb6 10. Nb3 Be6 11. Be3 Qc7 12. Nd5 Nxd5 13. exd5 Bf5 14. c3 a5 15. Nd4 Bd7 16. Re1 Bf6 17. Qd2 Na6 18. Bg5 Rfe8 19. Bxf6 exf6 20. Qc2 Rac8 21. Rxe8+ 1/2-1/2

[Event "Pinneberg-ch"]
[Site "Pinneberg"]
[Date "2013.09.19"]
[Round "7"]
[White "Bernhard, Ralph"]
[Black "Metzner, Arne"]
[Result "1/2-1/2"]
[WhiteElo "1693"]
[BlackElo "1456"]
[PlyCount "86"]
[EventDate "2013.08.08"]
[EventType "swiss"]
[EventRounds "7"]
[EventCountry "GER"]
[SourceTitle "EXT 2017"]
[Source "ChessBase"]
[SourceDate "2016.10.25"]
[SourceVersion "1"]
[SourceVersionDate "2016.10.25"]
[SourceQuality "1"]

1. d4 d5 2. c4 e6 3. Nc3 Nf6 4. Nf3 Nc6 5. Bg5 h6 6. cxd5 exd5 7. Bxf6 Qxf6 8. Nxd5 Qd6 9. Nc3 Bg4 10. e3 a6 11. Be2 0-0-0 12. 0-0 Qg6 13. a3 Bh3 14. Nh4 Qg5 15. Rc1 Qxh4 16. gxh3 f5 17. Bf3 Ne5 18. Bg2 f4 19. Bxb7+ Kb8 20. Qb3 Ka7 21. Na4 f3 22. Kh1 Qxh3 23. Rg1 Ng4 24. Rxg4 Qxg4 25. Rg1 Qf5 26. Bc6 Rb8 27. Qd1 Bd6 28. e4 Qf4 29. e5 Be7 30. Bxf3 h5 31. Rxg7 Qf8 32. Rg6 Rg8 33. Rxg8 Qxg8 34. d5 Qd8 35. Qd4+ Kb7 36. Qc4 Ka7 37. Qc6 Qc8 38. b4 Qb7 39. Qc3 Rc8 40. Qe3+ Kb8 41. d6 Qb5 42. Be2 Qd5+ 43. Bf3 Qb5 1/2-1/2

[Event "Pinneberg-ch"]
[Site "Pinneberg"]
[Date "2013.09.12"]
[Round "6"]
[White "Ridinger, Peter"]
[Black "Bernhard, Ralph"]
[Result "1-0"]
[WhiteElo "1972"]
[BlackElo "1693"]
[PlyCount "119"]
[EventDate "2013.08.08"]
[EventType "swiss"]
[EventRounds "7"]
[EventCountry "GER"]
[SourceTitle "EXT 2017"]
[Source "ChessBase"]
[SourceDate "2016.10.25"]
[SourceVersion "1"]
[SourceVersionDate "2016.10.25"]
[SourceQuality "1"]

1. e4 c5 2. Nc3 Nc6 3. Bb5 g6 4. Bxc6 bxc6 5. f4 Bg7 6. d3 d6 7. Nf3 Bg4 8. 0-0 Rb8 9. Qe1 Nf6 10. e5 Nd5 11. exd6 Qxd6 12. Ne4 Qc7 13. h3 Bxf3 14. Rxf3 Bxb2 15. Bxb2 Rxb2 16. Rf2 0-0 17. Nxc5 Rb5 18. Na6 Qb6 19. c4 Nxf4 20. cxb5 Nxd3 21. Qf1 Nxf2 22. Qxf2 Qxb5 23. Qf1 Qb6+ 24. Kh1 Rd8 25. Rb1 Qa5 26. Nb4 Qa4 27. Qe2 e6 28. Nd3 Qc4 29. Rd1 Rd5 30. Rd2 a5 31. Ne1 Qxe2 32. Rxe2 Kf8 33. Kg1 Ke7 34. Kf2 Kd6 35. Nf3 h6 36. Ke3 c5 37. Rd2 Rxd2 38. Nxd2 Kd5 39. Kd3 f5 40. a4 e5 41. Nc4 e4+ 42. Kc3 f4 43. Nxa5 f3 44. gxf3 exf3 45. Nc4 f2 46. a5 h5 47. Nd2 g5 48. Nf1 g4 49. h4 Ke4 50. a6 Kf3 51. a7 Kg2 52. Ne3+ Kg1 53. a8Q f1Q 54. Nxf1 Kxf1 55. Qh1+ Kf2 56. Qh2+ Kf3 57. Qg1 g3 58. Qd1+ Kg2 59. Qxh5 Kh3 60. Qg5 1-0

[Event "Pinneberg-ch"]
[Site "Pinneberg"]
[Date "2012.09.27"]
[Round "7"]
[White "Grothkopp, Dietrich"]
[Black "Bernhard, Ralph"]
[Result "1/2-1/2"]
[WhiteElo "1752"]
[BlackElo "1706"]
[PlyCount "59"]
[EventDate "2012.08.16"]
[EventType "swiss"]
[EventRounds "7"]
[EventCountry "GER"]
[SourceTitle "EXT 2013"]
[Source "ChessBase"]
[SourceDate "2012.11.22"]
[SourceVersion "1"]
[SourceVersionDate "2012.11.22"]
[SourceQuality "1"]

1. d4 d5 2. c4 c6 3. e3 Nf6 4. Nf3 Bg4 5. Be2 e6 6. Nbd2 dxc4 7. Bxc4 Nbd7 8. 0-0 Be7 9. a3 0-0 10. b4 Nb6 11. Bd3 Qc7 12. Bb2 Nbd5 13. Qc2 a6 14. Rae1 Rfd8 15. Ne5 Bh5 16. f4 Qb6 17. h3 Bg6 18. f5 exf5 19. Bxf5 Qc7 20. g4 a5 21. bxa5 Rxa5 22. Nb3 Raa8 23. e4 Nb6 24. Ra1 Na4 25. Bc1 c5 26. Bf4 Qb6 27. Nc4 Qa7 28. Be3 b5 29. Ne5 Qc7 30. Bf4 1/2-1/2

[Event "Pinneberg-ch"]
[Site "Pinneberg"]
[Date "2012.09.20"]
[Round "6"]
[White "Bernhard, Ralph"]
[Black "Iwanow, Thomas"]
[Result "1/2-1/2"]
[WhiteElo "1706"]
[BlackElo "1764"]
[PlyCount "67"]
[EventDate "2012.08.16"]
[EventType "swiss"]
[EventRounds "7"]
[EventCountry "GER"]
[SourceTitle "EXT 2013"]
[Source "ChessBase"]
[SourceDate "2012.11.22"]
[SourceVersion "1"]
[SourceVersionDate "2012.11.22"]
[SourceQuality "1"]

1. d4 b6 2. e4 Bb7 3. Nc3 e6 4. a3 d6 5. Bb5+ c6 6. Ba4 Nd7 7. Nge2 Ngf6 8. 0-0 Be7 9. Qd3 Rc8 10. Ng3 0-0 11. Nce2 c5 12. c3 Rc7 13. Bc2 Qc8 14. f4 cxd4 15. Nxd4 Ba6 16. Nb5 Nc5 17. Qe2 d5 18. a4 dxe4 19. f5 e5 20. Bg5 Rd7 21. Bxf6 Bxf6 22. Nxe4 Nxe4 23. Qxe4 Qc5+ 24. Kh1 Rfd8 25. Rfd1 Bb7 26. Qe2 a6 27. Rxd7 Rxd7 28. Na3 Qc6 29. Rg1 Qc5 30. Bd3 Qc8 31. Nc4 Qc5 32. Na3 Qc8 33. Nc4 Qc5 34. Na3 1/2-1/2

[Event "Pinneberg-ch"]
[Site "Pinneberg"]
[Date "2012.08.30"]
[Round "3"]
[White "Thomzik, Dirk"]
[Black "Bernhard, Ralph"]
[Result "0-1"]
[WhiteElo "1887"]
[BlackElo "1706"]
[PlyCount "47"]
[EventDate "2012.08.16"]
[EventType "swiss"]
[EventRounds "7"]
[EventCountry "GER"]
[SourceTitle "EXT 2013"]
[Source "ChessBase"]
[SourceDate "2012.11.22"]
[SourceVersion "1"]
[SourceVersionDate "2012.11.22"]
[SourceQuality "1"]

1. e4 c5 2. c3 e6 3. Nf3 Nc6 4. d4 d5 5. e5 Qb6 6. a3 cxd4 7. cxd4 Nge7 8. b4 Nf5 9. Be3 Nxe3 10. fxe3 Be7 11. Bd3 0-0 12. Nc3 Qd8 13. 0-0 Bd7 14. Rc1 Rc8 15. Nd2 Bg5 16. Rf3 a6 17. Rh3 h6 18. Qh5 Nxd4 19. Rg3 Nf5 20. Bxf5 exf5 21. Qd1 Be6 22. Nb3 f4 23. Rf3 Bg4 24. exf4 0-1

[Event "Hamburg-ch MB"]
[Site "Hamburg"]
[Date "2012.05.27"]
[Round "2"]
[White "Seidel, Mika"]
[Black "Bernhard, Ralph"]
[Result "1-0"]
[WhiteElo "1868"]
[BlackElo "1747"]
[PlyCount "75"]
[EventDate "2012.05.26"]
[EventType "swiss"]
[EventRounds "9"]
[EventCountry "GER"]
[SourceTitle "CBM 148 Extra"]
[Source "ChessBase"]
[SourceDate "2012.06.22"]
[SourceVersion "1"]
[SourceVersionDate "2012.06.22"]
[SourceQuality "1"]

1. c4 c6 2. g3 d5 3. Bg2 e5 4. b3 Nf6 5. Bb2 Bd6 6. e3 0-0 7. Ne2 Bg4 8. 0-0 Na6 9. h3 Bf5 10. Nbc3 Nb4 11. d4 Nd3 12. Qd2 e4 13. Nf4 Bxf4 14. exf4 h5 15. Ba3 Re8 16. cxd5 Qa5 17. Nxe4 Qxd2 18. Nxd2 cxd5 19. Nf3 Re2 20. Ne5 Nxe5 21. fxe5 Ne4 22. Bc1 g6 23. Be3 Rc8 24. Bf3 Rb2 25. Rfc1 Bxh3 26. Rxc8+ Bxc8 27. Rc1 Bd7 28. Bxe4 dxe4 29. d5 Rxa2 30. Rc7 Bg4 31. d6 Ra1+ 32. Bc1 Rb1 33. Kf1 Kf8 34. Ke1 Ke8 35. Kd2 Rxb3 36. Kc2 Rd3 37. Rxb7 Rxd6 38. exd6 1-0

[Event "Hamburg-chA"]
[Site "Hamburg"]
[Date "2011.10.09"]
[Round "9.3"]
[White "Bernhard, Ralph"]
[Black "Fieron, Andreas"]
[Result "1-0"]
[WhiteElo "1735"]
[BlackElo "1217"]
[PlyCount "75"]
[EventDate "2011.10.09"]
[EventType "swiss"]
[EventRounds "9"]
[EventCountry "GER"]
[SourceTitle "EXT 2012"]
[Source "ChessBase"]
[SourceDate "2011.11.24"]
[SourceVersion "1"]
[SourceVersionDate "2011.11.24"]
[SourceQuality "1"]

1. d4 d5 2. c4 Nf6 3. cxd5 Qxd5 4. Nc3 Qd7 5. Nf3 e6 6. a3 Nc6 7. e4 a6 8. Bc4 b5 9. Be2 Bb7 10. 0-0 Be7 11. h3 Rd8 12. Be3 0-0 13. b4 h6 14. Rc1 Rfe8 15. Qd2 Bf8 16. e5 Nd5 17. Nxd5 Qxd5 18. Rfd1 Rd7 19. Qc2 Ne7 20. Qb1 Nf5 21. Bd3 Nxe3 22. fxe3 Rde7 23. Rc5 Qd8 24. Be4 Bxe4 25. Qxe4 Rd7 26. Rc2 Qa8 27. Qf4 Rc8 28. Rdc1 a5 29. bxa5 Qxa5 30. Rc6 Qxa3 31. Qg4 Qxe3+ 32. Kh2 Be7 33. R1c3 Qe2 34. Rxe6 b4 35. Rcc6 h5 36. Qf5 g6 37. Rxg6+ fxg6 38. Rxg6+ 1-0

[Event "Hamburg-chA"]
[Site "Hamburg"]
[Date "2011.09.30"]
[Round "1.4"]
[White "Kibilka, Ulrich"]
[Black "Bernhard, Ralph"]
[Result "0-1"]
[WhiteElo "1281"]
[BlackElo "1735"]
[PlyCount "102"]
[EventDate "2011.10.09"]
[EventType "swiss"]
[EventRounds "9"]
[EventCountry "GER"]
[SourceTitle "EXT 2012"]
[Source "ChessBase"]
[SourceDate "2011.11.24"]
[SourceVersion "1"]
[SourceVersionDate "2011.11.24"]
[SourceQuality "1"]

1. Nf3 d5 2. d4 Bf5 3. c4 e6 4. Bg5 Nf6 5. Nbd2 Be7 6. e3 0-0 7. cxd5 exd5 8. Qb3 Bc8 9. Bd3 Nbd7 10. 0-0 h6 11. Bxf6 Nxf6 12. Ne5 c6 13. a3 Bd6 14. Ndf3 Qc7 15. Qc2 Ng4 16. Bf5 Nxe5 17. dxe5 Bxe5 18. Bxc8 Rfxc8 19. Rab1 Bf6 20. g3 Qd7 21. Kg2 Re8 22. Ne1 Qg4 23. b3 d4 24. exd4 Qxd4 25. Qd3 Qb6 26. Nf3 Rad8 27. Qc2 Qa6 28. a4 Re6 29. Rfe1 Rde8 30. Rxe6 Rxe6 31. Re1 Rxe1 32. Nxe1 Qa5 33. Nd3 Qc3 34. Qxc3 Bxc3 35. f4 b6 36. Kf3 Kf8 37. Ke4 f6 38. f5 Kf7 39. g4 Ke7 40. h3 Kd6 41. Nf4 a6 42. Ne6 a5 43. Nf4 b5 44. axb5 cxb5 45. Nd5 Be5 46. Ne3 Kc5 47. Nc2 a4 48. bxa4 bxa4 49. Kd3 Bb2 50. h4 a3 51. h5 Kd5 0-1

[Event "Pinneberg-ch"]
[Site "Pinneberg"]
[Date "2011.08.18"]
[Round "1"]
[White "Bernhard, Ralph"]
[Black "Wolff, Stefan"]
[Result "1/2-1/2"]
[WhiteElo "1735"]
[BlackElo "1989"]
[PlyCount "94"]
[EventDate "2011.08.18"]
[EventType "swiss"]
[EventRounds "7"]
[EventCountry "GER"]
[SourceTitle "CBM 144 Extra"]
[Source "ChessBase"]
[SourceDate "2011.10.28"]
[SourceVersion "1"]
[SourceVersionDate "2011.10.28"]
[SourceQuality "1"]

1. d4 Nf6 2. c4 e5 3. dxe5 Ng4 4. Bf4 Nc6 5. Nf3 Bb4+ 6. Nc3 Bxc3+ 7. bxc3 Qe7 8. Qd5 f6 9. exf6 Nxf6 10. Qd3 d6 11. Rb1 0-0 12. e3 Ne4 13. Be2 Bf5 14. Qd5+ Kh8 15. Rxb7 Nc5 16. Rb2 Na5 17. Rb4 Be6 18. Qd2 Nxc4 19. Bxc4 a5 20. Bg5 Qe8 21. Bb5 Qg6 22. Rb2 Ne4 23. Bd3 Bf5 24. Bxe4 Bxe4 25. Qd4 Bxf3 26. gxf3 Rab8 27. Rd2 Rb1+ 28. Rd1 Rxd1+ 29. Qxd1 Rb8 30. e4 Qxg5 31. Kf1 Qe5 32. Qc2 Qf4 33. Ke2 Rf8 34. Qd3 Qf7 35. a3 Qa2+ 36. Ke3 Qxa3 37. Rg1 Qb3 38. Ke2 Qb2+ 39. Ke3 Qb3 40. Rb1 Qf7 41. Ke2 a4 42. Rb7 a3 43. Ra7 a2 44. c4 Qh5 45. Rxa2 Qxh2 46. Ra7 Rb8 47. Qa3 c5 1/2-1/2

[Event "Pinneberg-ch"]
[Site "Pinneberg"]
[Date "2010.09.02"]
[Round "2"]
[White "Bernhard, Ralph"]
[Black "Schneider, Klaus Peter"]
[Result "0-1"]
[WhiteElo "1720"]
[BlackElo "1887"]
[PlyCount "78"]
[EventDate "2010.08.26"]
[EventType "swiss"]
[EventRounds "7"]
[EventCountry "GER"]
[SourceTitle "EXT 2011"]
[Source "ChessBase"]
[SourceDate "2010.11.26"]
[SourceVersion "1"]
[SourceVersionDate "2010.11.26"]
[SourceQuality "1"]

1. d4 f5 2. Nf3 Nf6 3. g3 e6 4. c4 c6 5. Bg2 d5 6. cxd5 exd5 7. 0-0 Bd6 8. Nc3 0-0 9. Qc2 Ne4 10. Be3 Nd7 11. Nd2 Qe7 12. Ndxe4 fxe4 13. Qb3 Kh8 14. Rae1 Nf6 15. Bg5 h6 16. Bxf6 Qxf6 17. e3 Qg6 18. f3 exf3 19. Bxf3 Bh3 20. Bg2 Bxg2 21. Kxg2 Rxf1 22. Rxf1 Qd3 23. Na4 Qe4+ 24. Kg1 b5 25. Nc5 Bxc5 26. dxc5 a5 27. Qc3 Re8 28. Re1 b4 29. Qd2 d4 30. Kf2 Qf5+ 31. Kg2 Qd5+ 32. Kg1 Qxc5 33. exd4 Rxe1+ 34. Qxe1 Qxd4+ 35. Kh1 c5 36. b3 c4 37. bxc4 Qxc4 38. a3 bxa3 39. Qxa5 Qf1# 0-1

[Event "Hamburg-chB"]
[Site "Hamburg"]
[Date "2010.05.28"]
[Round "7.3"]
[White "Bernhard, Ralph"]
[Black "Raedisch, Peter"]
[Result "1/2-1/2"]
[WhiteElo "1559"]
[BlackElo "1514"]
[PlyCount "77"]
[EventDate "2010.05.22"]
[EventType "swiss"]
[EventRounds "9"]
[EventCountry "GER"]
[SourceTitle "EXT 2011"]
[Source "ChessBase"]
[SourceDate "2010.11.26"]
[SourceVersion "1"]
[SourceVersionDate "2010.11.26"]
[SourceQuality "1"]

1. d4 d5 2. c4 dxc4 3. Nf3 a6 4. e3 b5 5. a4 Bb7 6. axb5 axb5 7. Rxa8 Bxa8 8. Be2 e6 9. 0-0 Nf6 10. b3 Bd6 11. bxc4 bxc4 12. Nbd2 c3 13. Nb1 Ne4 14. Qc2 Bd5 15. Nxc3 f5 16. Nxd5 exd5 17. Ne5 0-0 18. Bd3 c5 19. f3 Bxe5 20. dxe5 c4 21. Be2 Ng5 22. e4 fxe4 23. f4 Ne6 24. Rd1 Nxf4 25. Bxf4 Rxf4 26. Qd2 Qb6+ 27. Kh1 Qc5 28. Qxf4 c3 29. Rf1 h6 30. e6 Nc6 31. Bh5 Qe7 32. Bf7+ Kh8 33. Ra1 c2 34. Rc1 Qc5 35. h4 e3 36. Qc7 Qe7 37. Qxc6 Qxh4+ 38. Kg1 Qf2+ 39. Kh2 1/2-1/2

[Event "Hamburg-chB"]
[Site "Hamburg"]
[Date "2010.05.23"]
[Round "2.2"]
[White "Bernhard, Ralph"]
[Black "Kibilka, Ulrich"]
[Result "1-0"]
[WhiteElo "1559"]
[BlackElo "1339"]
[PlyCount "53"]
[EventDate "2010.05.22"]
[EventType "swiss"]
[EventRounds "9"]
[EventCountry "GER"]
[SourceTitle "EXT 2011"]
[Source "ChessBase"]
[SourceDate "2010.11.26"]
[SourceVersion "1"]
[SourceVersionDate "2010.11.26"]
[SourceQuality "1"]

1. d4 d5 2. c4 e6 3. Nc3 Nf6 4. Nf3 c6 5. e3 Nbd7 6. Bd3 Bd6 7. 0-0 0-0 8. b3 Re8 9. cxd5 exd5 10. Re1 a5 11. Qc2 Nf8 12. e4 dxe4 13. Nxe4 Be7 14. Bb2 Nxe4 15. Bxe4 Bf6 16. Ne5 Be6 17. Rad1 Qc7 18. f4 Rac8 19. Rc1 Bxe5 20. dxe5 Qb8 21. f5 Bd5 22. f6 g6 23. Qd2 Bxe4 24. Rxe4 Qc7 25. Qh6 Ne6 26. Rh4 Qb6+ 27. Kh1 1-0

[Event "Pinneberg-ch"]
[Site "Pinneberg"]
[Date "2009.09.24"]
[Round "5"]
[White "Domeyer, Robert Thomas"]
[Black "Bernhard, Ralph"]
[Result "0-1"]
[WhiteElo "997"]
[BlackElo "1452"]
[PlyCount "55"]
[EventDate "2009.08.27"]
[EventType "swiss"]
[EventRounds "7"]
[EventCountry "GER"]
[SourceTitle "EXT 2012"]
[Source "ChessBase"]
[SourceDate "2011.11.24"]
[SourceVersion "1"]
[SourceVersionDate "2011.11.24"]
[SourceQuality "1"]

1. e4 c6 2. d4 d5 3. Nc3 dxe4 4. Nxe4 Nf6 5. f3 Nbd7 6. Bc4 e6 7. Bf4 Nxe4 8. fxe4 Nf6 9. Qd3 Bb4+ 10. c3 Be7 11. 0-0-0 a5 12. a3 b5 13. Bb3 0-0 14. Bc2 g6 15. Nf3 b4 16. Rdg1 bxa3 17. b3 Qb6 18. g4 Ba6 19. c4 Rfd8 20. h4 c5 21. Be3 cxd4 22. Bxd4 Bc5 23. Rd1 Bxd4 24. Nxd4 e5 25. h5 Qxd4 26. Qxd4 Rxd4 27. Rxd4 exd4 28. hxg6 0-1

[Event "Pinneberg-ch"]
[Site "Pinneberg"]
[Date "2007.10.04"]
[Round "6"]
[White "Sengbusch, Gerhard"]
[Black "Bernhard, Ralph"]
[Result "0-1"]
[WhiteElo "1317"]
[BlackElo "1271"]
[PlyCount "64"]
[EventDate "2007.08.30"]
[EventType "swiss"]
[EventRounds "7"]
[EventCountry "GER"]
[SourceTitle "CBM 120 Extra"]
[Source "ChessBase"]
[SourceDate "2007.11.01"]
[SourceVersion "1"]
[SourceVersionDate "2007.11.01"]
[SourceQuality "1"]

1. e4 c6 2. Nf3 d5 3. exd5 cxd5 4. d4 Bf5 5. Nc3 Nf6 6. h3 e6 7. Bd3 Bxd3 8. Qxd3 a6 9. a3 Bd6 10. Bg5 Nbd7 11. 0-0 0-0 12. Rfe1 Rc8 13. Ne5 Qc7 14. Bf4 b5 15. Re3 Nb6 16. Rg3 Nh5 17. Bh6 Nxg3 18. Qxg3 f6 19. Bf4 Nc4 20. Nd3 Bxf4 21. Qxf4 Qxf4 22. Nxf4 Nxb2 23. Rb1 Rxc3 24. Rxb2 Kf7 25. Ra2 Rfc8 26. Nd3 Rxc2 27. Rxc2 Rxc2 28. Nb4 Rc1+ 29. Kh2 Ra1 30. Nxa6 Rxa3 31. Nb4 Rb3 32. Kg1 Rxb4 0-1